অসকার ওয়াইল্ড রচনাসমগ্র : (Record no. 9958)
[ view plain ]
| 000 -LEADER | |
|---|---|
| fixed length control field | 00700nam a2200217 a 4500 |
| 001 - CONTROL NUMBER | |
| JCCL Control Number | 9958 |
| 003 - CONTROL NUMBER IDENTIFIER | |
| JCCL marc code | BD-JhCC |
| 005 - DATE AND TIME OF LATEST TRANSACTION | |
| control field | 20180403194012.0 |
| 008 - FIXED-LENGTH DATA ELEMENTS--GENERAL INFORMATION | |
| fixed length control field | 180403s1976 ii |||| |||| 000 0 ben d |
| 035 ## - SYSTEM CONTROL NUMBER | |
| system control number | (BD-JhCC)9958 |
| 040 ## - CATALOGING SOURCE | |
| Original cataloging agency | BD-JhCC |
| Modifying agency | BD-JhCC |
| 041 ## - LANGUAGE CODE | |
| Language code of Book | ben |
| 082 ## - DEWEY DECIMAL CLASSIFICATION NUMBER | |
| Classification number | 820 |
| Author mark and Year | OSK 1976 |
| 245 ## - TITLE STATEMENT | |
| Title | অসকার ওয়াইল্ড রচনাসমগ্র : |
| Remainder of title | প্রথম খন্ড / |
| Statement of responsibility, etc | সুনীলকুমার ঘোষ [অনু.] |
| 260 ## - PUBLICATION, DISTRIBUTION, ETC. (IMPRINT) | |
| Place of publication, distribution, etc | কলকাতা : |
| Name of publisher, distributor, etc | তুলি-কলম, |
| Date of publication, distribution, etc | 1976. |
| 300 ## - PHYSICAL DESCRIPTION | |
| Pagination | 496 p. : |
| Dimensions | 22 cm. |
| 650 ## - SUBJECT ADDED ENTRY--TOPICAL TERM | |
| Topical term or geographic name as entry element | nglish Literature |
| 700 ## - ADDED ENTRY--PERSONAL NAME | |
| Personal name | ঘোষ, সুনীলকুমার |
| 942 ## - ADDED ENTRY ELEMENTS (KOHA) | |
| Source of classification or shelving scheme | Dewey Decimal Classification |
| Koha item type | Books |
| Source of classification or shelving scheme | Damaged status | Not for loan | Home library | Current library | Shelving location | Date of accession | Cost, normal purchase price | Total Checkouts | Full call number | Barcode | Date last seen | Copy number | Koha item type |
|---|---|---|---|---|---|---|---|---|---|---|---|---|---|
| Dewey Decimal Classification | JCC Rouf Library | JCC Rouf Library | General Stacks | 03/15/2018 | 20.00 | 820 OSK 1976 | 12868 | 04/03/2018 | C-1 | Books |